Luis Barragán : capilla en Tlalpan Ciudad de México : 1952 /

Aquí se presentan planos, fotografías, los pormenores del diseño y la descripción arquitectónica de la Capilla de Tlalpan, realizada por Barragán en el año 1952.

Tallennettuna:
Bibliografiset tiedot
Päätekijä: Barragán, Luis (arquitecto)
Muut tekijät: Ferrera, Raúl (texto) (texto), Salas, Armando (fotógrafo) (fotógrafo)
Aineistotyyppi: Kirja
Kieli:espanja
Julkaistu: México : Sirio, 1980, c1980
Aiheet:
Tagit: Lisää tagi
Ei tageja, Lisää ensimmäinen tagi!

MARC

LEADER 00000nam^a2200000^a^4500
001 000190602
005 20250526000000.0
009 20260310102456.086
037 |a Acervo ITESO - Biblioteca 
041 |a ESP 
082 |a 720. 972  |b BAR FER 
100 |a Barragán, Luis  |e (arquitecto) 
245 1 0 |a Luis Barragán :  |b capilla en Tlalpan Ciudad de México : 1952 /  |c L. Barragán ; texto de R. Ferrera ; fotografía de A. Salas ; tr. por Liliana J. Martínez de Rivera. 
264 4 |a México :  |b Sirio,  |c 1980, c1980 
300 |a 56 p. ;  |c 35.0 cm. 
336 |a texto  |b txt  |2 rdacontenido 
337 |a sin mediación  |b n  |2 rdamedio 
338 |a volumen  |b nc  |2 rdasoporte 
520 |a Aquí se presentan planos, fotografías, los pormenores del diseño y la descripción arquitectónica de la Capilla de Tlalpan, realizada por Barragán en el año 1952. 
545 0 |a Luis Barragán (1902-1988) es sin duda el arquitecto mexicano más reconocido, creador de toda una escuela que han seguido varios arquitectos mexicanos posteriores. Sus obras de madurez reflejan su interés en el sentido de conjugar la innovación con la tradición, lo universal con lo local; la pureza de sus líneas conjunta, por igual, el carácter de la casa popular mexicana que las construcciones mediterráneas. En 1976 recibió el Premio Nacional de las Artes en México y obtuvo en 1980 el Premio Pritzker, considerado el Nobel de Arquitectura. 
546 |a Edición bilingüe español-inglés 
649 |a XX 
650 |a Arquitectos Jaliscienses 
650 |a Arquitectos Mexicanos 
650 |a Artistas Jaliscienses 
650 |a Artistas Mexicanos 
650 |a Capillas -  |z México (Ciudad) -  |x Tema Principal 
650 |a Capillas -  |z México 
650 |a Arquitectura Religiosa -  |z México (Ciudad) -  |x Historia y Crítica 
650 |a Arquitectura Religiosa -  |z México -  |x Historia y Crítica 
650 |a Arquitectura Regionalista -  |x Historia y Crítica 
650 |a Arquitectura Moderna -  |z México (Ciudad) -  |x Historia y Crítica 
650 |a Arquitectura Moderna -  |z México -  |x Historia y Crítica 
650 |a Arquitectura Mexicana -  |x Historia y Crítica 
650 |a Arte Religioso -  |z México (Ciudad) -  |x Historia y Crítica 
650 |a Arte Religioso -  |z México -  |x Historia y Crítica 
650 |a Arte Moderno -  |z México (Ciudad) -  |x Historia y Crítica 
650 |a Arte Moderno -  |z México -  |x Historia y Crítica 
650 |a Arte Mexicano -  |x Historia y Crítica 
650 |a Barragán, Luis -  |x Tema Principal 
700 |a Ferrera, Raúl  |e (texto) 
700 |a Salas, Armando  |e (fotógrafo) 
910 |a Fondo Julio de la Peña Lomelín 
920 |a Impresos - Libros 
930 |a Libros Antiguos y Raros 
940 |a Arquitectos Jaliscienses 
905 |a 108 
901 |a 0500134272  |b IT2  |c LRA  |u 20250526 
902 |a https://opac.biblio.iteso.mx/vufind/Record/000190602